logo

Bir Sreshtho Munshi Abdur Rouf Library
Jhenaidah Cadet College

Mechanics of materials / (Record no. 9769)

MARC details
000 -LEADER
fixed length control field 00856nam a2200313 a 4500
001 - CONTROL NUMBER
JCCL Control Number 9769
003 - CONTROL NUMBER IDENTIFIER
JCCL marc code BD-JhCC
005 - DATE AND TIME OF LATEST TRANSACTION
control field 20190509095546.0
008 - FIXED-LENGTH DATA ELEMENTS--GENERAL INFORMATION
fixed length control field 180328s1985 nyua 001 0 eng d
020 ## - INTERNATIONAL STANDARD BOOK NUMBER
International Standard Book Number 0471890448
020 ## - INTERNATIONAL STANDARD BOOK NUMBER
International Standard Book Number 0471610526 (WileyInternational ed)
035 ## - SYSTEM CONTROL NUMBER
system control number BD-JhCC)9769
040 ## - CATALOGING SOURCE
Original cataloging agency BD-JhCC
Modifying agency BD-JhCC
041 ## - LANGUAGE CODE
Language code of Book eng
050 #0 - LIBRARY OF CONGRESS CALL NUMBER
Classification number TA404.8
082 ## - DEWEY DECIMAL CLASSIFICATION NUMBER
Classification number 620.1/12
DDC Edition number 19
Author mark and Year MEC 1985
245 00 - TITLE STATEMENT
Title Mechanics of materials /
Statement of responsibility, etc Archie Higdon ... [et al]
250 ## - EDITION STATEMENT
Edition statement 4th ed
260 ## - PUBLICATION, DISTRIBUTION, ETC. (IMPRINT)
Place of publication, distribution, etc New York ;
-- Chichester :
Name of publisher, distributor, etc Wiley,
Date of publication, distribution, etc c1985
300 ## - PHYSICAL DESCRIPTION
Pagination xvii, 468 p :
Other physical details ill ;
Dimensions 23 cm
500 ## - GENERAL NOTE
General note Text on lining papers
500 ## - GENERAL NOTE
General note Previous ed.: i.e. 3rd ed. rev. 1978
504 ## - BIBLIOGRAPHY, ETC. NOTE
Bibliography, etc Includes Index
650 #0 - SUBJECT ADDED ENTRY--TOPICAL TERM
Topical term or geographic name as entry element Materials
650 #0 - SUBJECT ADDED ENTRY--TOPICAL TERM
Topical term or geographic name as entry element Mechanics, Applied
700 1# - ADDED ENTRY--PERSONAL NAME
Personal name Higdon, Archie,
Dates associated with a name 1905-
942 ## - ADDED ENTRY ELEMENTS (KOHA)
Source of classification or shelving scheme Dewey Decimal Classification
Koha item type Books
Holdings
Source of classification or shelving scheme Damaged status Not for loan Home library Current library Shelving location Date of accession Cost, normal purchase price Total Checkouts Full call number Barcode Date last seen Copy number Koha item type
Dewey Decimal Classification     JCC Rouf Library JCC Rouf Library General Stacks 03/28/2018 0.00   620.1/12 MEC 1985 11194 03/28/2018 C-1 Books

JCC Library | Contacts | JCC Home

Last Update on 23 September 2017
Copyright @ 2017-2020 JCC Rouf Library
Rouf Library, Jhenidah Cadet College (JCC), Bangladesh